[Event "Tatarstan-ch (Women)"]
[Site "Kazan"]
[Date "2016.09.21"]
[Round "6"]
[White "Nigmatullina, Enge"]
[Black "Zaripova, Arina"]
[Result "1-0"]
[WhiteElo "1407"]
[BlackElo "1517"]
[PlyCount "79"]
[EventDate "2016.09.16"]
[EventType "swiss"]
[EventRounds "7"]
[EventCountry "RUS"]
[SourceTitle "CBM 174 Extra"]
[Source "ChessBase"]
[SourceDate "2016.10.10"]
[SourceVersion "1"]
[SourceVersionDate "2016.10.10"]
[SourceQuality "1"]

1. d4 Nf6 2. c4 e6 3. Nf3 Bb4+ 4. Bd2 a5 5. e3 b6 6. Be2 Bb7 7. 0-0 0-0 8. Qb3 Bxd2 9. Nbxd2 Ne4 10. Nxe4 Bxe4 11. Rfd1 d5 12. Rac1 Nd7 13. Nd2 Nf6 14. Nxe4 Nxe4 15. cxd5 exd5 16. Bf3 Rc8 17. Bxe4 dxe4 18. Rc6 h6 19. Rdc1 Re8 20. Qc4 Re7 21. h3 Kh7 22. d5 f5 23. d6 Rd7 24. Rxc7 Rdxc7 25. dxc7 Qd7 26. Qc6 Qxc6 27. Rxc6 Kg8 28. Kf1 Kf7 29. Ke2 Ke7 30. Kd2 Kd7 31. Rxb6 Rxc7 32. Rb5 Ra7 33. Rxf5 Ke6 34. Rc5 Rb7 35. Kc3 Ra7 36. Kd4 Rf7 37. Rc2 Rf5 38. Kxe4 Re5+ 39. Kf3 Rb5 40. b3 1-0

[Event "Tatarstan-ch (Women)"]
[Site "Kazan"]
[Date "2016.09.19"]
[Round "4"]
[White "Nigmatullina, Enge"]
[Black "Shafigullina, Zarina"]
[Result "0-1"]
[WhiteElo "1407"]
[BlackElo "1869"]
[PlyCount "70"]
[EventDate "2016.09.16"]
[EventType "swiss"]
[EventRounds "7"]
[EventCountry "RUS"]
[SourceTitle "CBM 174 Extra"]
[Source "ChessBase"]
[SourceDate "2016.10.10"]
[SourceVersion "1"]
[SourceVersionDate "2016.10.10"]
[SourceQuality "1"]

1. d4 Nf6 2. c4 e6 3. Nf3 b6 4. g3 Ba6 5. Nbd2 c6 6. Bg2 d5 7. 0-0 Bb4 8. Ne5 0-0 9. cxd5 cxd5 10. Ndf3 Ne4 11. Nd2 Bb7 12. Nxe4 dxe4 13. Bf4 Bd5 14. Qc2 f6 15. Ng4 Nc6 16. Rfd1 Rc8 17. Bxe4 Nxd4 18. Bxh7+ Kh8 19. Qd3 Bc5 20. Bg6 b5 21. b3 e5 22. Be3 Be6 23. Bxd4 Bxd4 24. Qf3 Kg8 25. Nxe5 fxe5 26. Qh5 Rxf2 27. Qh7+ Kf8 28. e3 Bg8 29. Qh5 Qf6 30. exd4 Bd5 31. Rf1 Rg2+ 32. Kh1 Rxg3+ 33. Be4 Bxe4+ 34. Rf3 Bxf3+ 35. Qxf3 Qxf3# 0-1